Gừng trên từng cây số /

保存先:
書誌詳細
その他の著者: Thanh Thảo (sưu tầm.)
フォーマット: 論文
言語:Vietnamese
主題:
タグ: タグ追加
タグなし, このレコードへの初めてのタグを付けませんか!
Thư viện lưu trữ: Thư viện Trường Đại học Đà Lạt
LEADER 00748nam a2200265 4500
001 DLU090102843
005 ##20091225
040 # # |a DLU  |b vie 
041 # # |a vie 
044 # # |a vn 
245 # # |a Gừng trên từng cây số /  |c Thanh Thảo sưu tầm. 
653 # # |a Bài thuốc dân gian 
653 # # |a Bài thuốc thông dụng 
653 # # |a Cây thuốc 
700 # # |a Thanh Thảo,   |e sưu tầm. 
773 # # |t Cây thuốc quý  |g Số5(107), 2008, tr. 8-9 
920 # # |a Phòng Tạp chí -- Trung tâm Thông tin - Thư viện Trường Đại học Đà Lạt 
994 # # |a DLU 
900 # # |a True 
911 # # |a Nguyễn Thị Linh Chi 
925 # # |a G 
926 # # |a A 
927 # # |a BB 
980 # # |a Thư viện Trường Đại học Đà Lạt